000 00828nam a2200289 i 4500
001 000006100
003 DO-SdBNP
005 20250731094154.0
007 ta
008 250531s2002 dr 000 0 spa d
040 _aDO-SdBNP
_bspa
_cBNPHU
_erda
041 _hspa
082 _axxx
_bA816d
_222
100 _aAsensio Solaz, Eugenio
_eautor
_988457
245 1 0 _aLa danza de la lluvia /
_cEugenio Asensio Solaz
264 _aSanto Domingo :
_bCasa de Teatro,
_c2002
300 _a333 páginas. ;
_c22 cm.
336 _ardacontent
_btexto
_2txt
337 _ardamedia
_bsin mediación
_2n
338 _ardacarrier
_bvolumen
_2nc
586 _aPremio internacional de teatro 2002
590 _aInventariado,2025/DG
650 4 _aTeatro dominicano
650 4 _aLiteratura dominicana
910 _aDG
942 _2ddc
_cLBS1
999 _c59691
_d59691